=LDR 00000nam 2200000 4500 =001 INLIS000000000033584 =005 20130612135529 =008 ***********************************ind** =035 ##$$0010-061300000033584 =041 ##$$a ind =082 ##$$a 746.44 =090 ##$$a 746..44, Ami,c =100 ##$$a Amilia,Rosa =245 ##$$a Cantik Dengan Sulam Pita, Rosa Amelia;Penyunting,Adinda =260 ##$$a 2008 $b Jakrta Hikmah =300 ##$$a viii,80 hlm., Illus., 24 cm =650 ##$$a Sulaman =700 ##$$a Adinda =850 ##$$a NBPNMAT